Antología del feminismo /

-д хадгалсан:
Номзүйн дэлгэрэнгүй
Үндсэн зохиолч: Martín-Gamero, Amalia (selec.)
Формат: Ном
Хэл сонгох:испани
Хэвлэсэн: Madrid, España : Alianza, 1975, c1975
Цуврал:(El Libro de Bolsillo ; Literatura) 570.
Нөхцлүүд:
Шошгууд: Шошго нэмэх
Шошго байхгүй, Энэхүү баримтыг шошголох эхний хүн болох!

MARC

LEADER 00000nam^a2200000^a^4500
001 000187096
005 20250521000000.0
009 20260310102247.752
020 |a 84-206-1570-6 
037 |a Acervo ITESO - Biblioteca 
041 |a ESP 
082 |a 305. 42  |b MAR 
100 |a Martín-Gamero, Amalia  |e (selec.) 
245 1 0 |a Antología del feminismo /  |c Selec., introd., comentarios, notas y bibliog. de A. Martín-Gamero. 
264 4 |a Madrid, España :  |b Alianza,  |c 1975, c1975 
300 |a 354 p. 
336 |a texto  |b txt  |2 rdacontenido 
337 |a sin mediación  |b n  |2 rdamedio 
338 |a volumen  |b nc  |2 rdasoporte 
440 4 |a (El Libro de Bolsillo ;  |v 570.  |p Literatura) 
649 |a XX 
650 |a Feministas -  |z Occidente -  |x Historia 
650 |a Feministas -  |x Historia 
650 |a Mujeres -  |z Occidente -  |x Condiciones Jurídicas 
650 |a Mujeres -  |x Condiciones Jurídicas 
650 |a Mujeres -  |z Occidente -  |x Condiciones Políticas 
650 |a Mujeres -  |x Condiciones Políticas 
650 |a Mujeres -  |z Occidente -  |x Condiciones Sociales y Culturales 
650 |a Mujeres -  |x Condiciones Sociales y Culturales 
650 |a Mujeres -  |z Occidente -  |x Historia 
650 |a Mujeres -  |x Historia 
650 |a Sufragismo -  |z Occidente -  |x Historia 
650 |a Sufragismo -  |x Historia 
650 |a Feminismo -  |z Occidente -  |x Historia 
650 |a Feminismo -  |x Historia 
650 |a Movimientos Políticos 
650 |a Movimientos Sociales 
650 |a Discriminación de Género 
650 |a Discriminación 
650 |a Igualdad y Desigualdad 
650 |a Justicia e Injusticia 
650 |a Problemas Sociales 
650 |a Derecho Electoral 
650 |a Derecho Civil 
650 |a Política de Género 
650 |a Sociología del Derecho 
650 |a Sociología Política 
910 |a Fondo General 
920 |a Impresos - Libros 
930 |a Colección General 
905 |a 101 
901 |a 0500128993  |b IT1  |c ACC  |u 20250521 
902 |a https://opac.biblio.iteso.mx/vufind/Record/000187096